000 00434nam a2200181Ia 4500
003 OSt
005 20230627105013.0
008 210423s9999 xx 000 0 und d
040 _cAL
041 _aeng
082 _a362.1
_223
_bSHAW
100 _aSHATREEGNA (Veena).
_9113310
245 _aWomen and health.
260 _bResearch Unit on Women Studies
_c2021
365 _cINR
906 _ahealth. ; Women
942 _2ddc
_cBK
999 _c173082
_d173082